Doctor Who Quotes to Episode - Statistics

General Stats
  • This quiz has been taken 196 times
  • The average score is 11 of 15
Answer Stats
Hint Answer % Correct
"Judoon platoon upon the moon..." Smith and Jones
87%
"You are live on channel 44,000. Please do not swear." Bad Wolf
86%
"We wanted to live forever. So the Doctor made sure we did." The Family of Blood
85%
"You would make a good Dalek." Dalek
83%
"Gallifrey stands!" The Day of the Doctor
81%
"The child is you." The Timeless Children
79%
"The circle must be broken." Planet of the Ood
78%
"You'll see me again, quite soon, when the Pandorica opens." Flesh and Stone
77%
"I can't look at anything ever again... I'm still blind." Oxygen
77%
"Sorry, that's The Lion King" The Christmas Invasion
75%
"Eggs eggs eggs eggs eggs eggs." Asylum of the Daleks
74%
"And when the entire mountain is chiseled away, the first second of eternity will have passed!" Heaven Sent
73%
"Detonate the reality bomb!" Journey's End
69%
"I never would." The Doctor's Daughter
63%
"Get out of the way." The End of Time Part 2
52%
No matching quizzes found
Score Distribution
Percent of People with Each Score
Percentile by Number Answered
Your Score History
You have not taken this quiz